Statystyki dla Quiz o Nigrze

Kliknij tutaj aby rozwiązać quiz!

Ogólne statystyki

  • Ten quiz został rozwiązany 605 razy
  • Średni wynik to 11 z 16

Statystyki odpowiedzi

WskazówkaOdpowiedź% Poprawnych
Główna rzeka przepływająca przez powyższe miastoNiger
98%
Państwo z podobną flagą:
Indie
94%
Najludniejsze państwo graniczące z NigremNigeria
94%
Duża pustynia zajmująca 80% powierzchni NigruSahara
94%
Największe państwo pod względem powierzchni,
które graniczy z Nigrem
Algieria
86%
Przeciętna kobieta z Nigru będzie miała ich 6,9,
co jest najwyższym wynikiem na świecie
Dzieci
86%
Oficjalny językfrancuski
85%
Sektor gospodarki, w który zaangażowane jest 82% NigerczykówRolnictwo
78%
Z dokładnością do liczby całkowitej, procent
Nigerczyków, którzy są muzułmanami
99%
74%
StolicaNiamey
72%
Duże, ale płytkie jezioro, które Niger dzieli z trzema innymi krajamiJezioro {Czad}
67%
Określenie półpustynnej strefy na południe
od powyższego, która obejmuje większość południowego Nigru
Sahel
46%
Żółty pierwiastek, który stanowi 91% eksportu Nigru
(wskazówka: fałszywie twierdzono, że Saddam
Hussein próbował go kupić)
Uran
44%
Waluta Nigru oraz 13 innych państwFrank CFA
43%
Największa grupa etniczna
(wskazówka: zaczyna się na H)
Hausa
27%
Imperium, które rządziło regionem w latach 1464-1591Songhaj
21%

Rozkład punktacji

Percentyl według liczby udzielonych odpowiedzi

Procent ludzi z każdym wynikiem

Twoja historia wyników

Nie rozwiązałeś tego quizu